000 00422nam a2200157Ia 4500
008 230718s9999 xx 000 0 und d
041 _aeng
082 _a510
_bBAN
100 _aBandewar S.R.
245 _aEngineering Mathematics - II
260 _c2004
_bShantanu Prakashan
300 _a529
365 _cRs.
_b275.00
700 _aBandewar S.R.,Acharya R.S. & Navare S.D.
_9188306
906 _dB:-06-Jun-2005
_cMATHS
999 _c306713
_d306713